000 00366nam a22001577a 4500
003 OSt
005 20250228094042.0
008 250228b |||||||| |||| 00| 0 eng d
020 _a9788131530245
040 _c
082 _24
_a512.5
_bPOO
245 _aLinear Algebra
_cDavid Poole
250 _a4
260 _bCengage
_c2024
942 _2ddc
_cBK
_e4
_k512.51
_mPOO
_n0
999 _c36151
_d36151